000
00258nam a22001217a 4500
040
_c
SY
082
_a
664
100
_a
WILLNGTON
245
_a
A guide to calculating the shelf life fo foods.
260
_a
New Zalend
_b
WIL
_c
2005
300
_a
27
942
_c
EB
999
_c
8610
_d
8610